Reproductive exponential dispersion model and lognormal distribution

Jeden z možných prístupov stanovenia funkcií mier rizika i samotných mier, ktoré následne umožňujú analyzovať konkrétne riziko, je využitie exponenciálnych disperzných modelov. Cieľom príspevku ja prezentovať využitie jednej z tried disperzných modelov v súvislosti s lognormálnym rozdelením.

Saved in:
Bibliographic Details
Main Author: Horáková, Galina
Format: Book Chapter
Language:Slovak
Subjects:
Tags: Add Tag
No Tags, Be the first to tag this record!

MARC

LEADER 00000nla a2200000 4500
001 0236786
005 20240502073828.1
041 0 |a slo 
044 |a SK 
245 1 0 |a Reproductive exponential dispersion model and lognormal distribution  |c Galina Horáková 
520 |a Jeden z možných prístupov stanovenia funkcií mier rizika i samotných mier, ktoré následne umožňujú analyzovať konkrétne riziko, je využitie exponenciálnych disperzných modelov. Cieľom príspevku ja prezentovať využitie jednej z tried disperzných modelov v súvislosti s lognormálnym rozdelením. 
610 2 0 |a poistenie 
610 2 0 |a škody 
610 2 0 |a riziko 
610 2 0 |a aktuári 
610 2 0 |a softvér 
610 2 0 |a matematika poistná 
100 1 |a Horáková, Galina